Lotsa De Casha

Bibliographic Details
Main Author: Madonna
Other Authors: Paes, Rui
Format: Book
Published: London : Puffin Books , 2005
Subjects:

MARC

LEADER 00000cam a2200000 7i4500
001 0000110708
005 20070913.0
020 |a 0141380519 
090 0 0 |a JF   |b MAD 
100 1 |a Madonna 
245 1 0 |a Lotsa De Casha   |c Madonna art by Rui Paes 
260 |a London :   |b Puffin Books ,   |c 2005 
300 |a 45p. :   |b ill. ;   |c 27cm. 
650 0 0 |a Children's stories 
700 1 |a Paes, Rui 
999 |a 00206679   |b BUKU   |c PINJAMAN   |e PERPUSTAKAAN KOMUNITI PETALING JAYA